000 00595nam a2200193Ii 4500
003 JO-AjNU
008 230605s9999||||xx |||||||||||||| ||und||
040 _aJO-AjNU
_bara
_erda
_cJO-AjNU
041 _aara
050 1 4 _aSF309.T3496 1984
100 3 _aد.م,
_eauthor
_935459
245 0 0 _aمبادئ الفروسية الحديثة
264 3 1 _aالموصل: جامعة الموصل ، 1984
300 _a422ص
336 _atext
_btxt
_2rdacontent
337 _aunmediated
_bn
_2rdamedia
338 _avolume
_bnc
_2rdacarrier
650 4 _aالفروسية -فرسات-تراجم
_935460
999 _aA14643
_c18211
_d18211